000 00579nam a2200205Ia 4500
003 OSt
005 20230504113529.0
008 210423s2004 xx 000 0 und d
020 _a199254380
040 _cAL
041 _aeng
082 _a660.60581 SLAA
100 _aSLATER (Adrian);others.
_997568
245 _aPlant biotechnology: the genetic manipulation of plants.
260 _aNew York
_bOxford University Press
_c2004
300 _axxii,346
_bPB
365 _b245
_cINR
906 _abiotechnology: ; genetic ; manipulation ; Plant ; plants.
942 _2ddc
_cBK
999 _c163206
_d163206